000 00549cam a22002171 4500
001 8795834
005 20180207034747.0
008 740607m19431946paua b 000 0 engd
010 _a 43011536
035 _a(OCoLC)910781
040 _aDLC
_cOYU
_dOCoLC
_dICRL
_dDLC
041 _aeng
080 _a616.3 HEN
082 _a616.3 HEN
100 1 _a9
101 _aGAS
245 1 0 _aGastro-enterology,
_cby Henry L. Bockus.
504 _aIncludes bibliographies.
906 _a7
_bcbc
_coclcrpl
_du
_encip
_f19
_gy-gencatlg
942 _2ddc
_cBK
999 _c41979
_d41979